| 000 | 00667nam a22001937a 4500 | ||
|---|---|---|---|
| 005 | 20100722140615.0 | ||
| 010 | _aENG-96768 | ||
| 020 |
_a9788120338098 _c250.00 |
||
| 035 | _aEN-80301 | ||
| 037 | _bDBAD/PUB | ||
| 082 | _a658.4012 | ||
| 100 |
_aPrasad, Kesho _9700 |
||
| 245 |
_aStrategic management _bText and cases / _cby Kesho Prasad |
||
| 260 |
_aNew Delhi _bphi learning _c2009 |
||
| 270 | _aM-97 connaught circus | ||
| 300 |
_axiii, 286 p _c22cm(pbk) |
||
| 942 |
_2ddc _cEN _h658.4012 _mPRA |
||
| 999 |
_c37212 _d37212 |
||